[Event "Spring Open 2024"]
[Site "?"]
[Date "2024.02.17"]
[Round "3"]
[White "Williams, Stephen"]
[Black "Szakmany, Bence"]
[Result "0-1"]
[WhiteElo "1506"]
[BlackElo "1718"]
[PlyCount "86"]
[SourceVersionDate "2024.04.20"]

1. e4 e5 2. Nf3 Nc6 3. d4 exd4 4. Nxd4 Nf6 5. Nxc6 bxc6 6. e5 Qe7 7. Qe2 Nd5 8. c4 Ba6 9. h4 f6 10. exf6 Nxf6 11. Qxe7+ Bxe7 12. Bd3 O-O 13. O-O Ng4 14. Nd2 Bxh4 15. Nf3 Bf6 16. Rb1 Rab8 17. b3 Bc3 18. Bb2 Bxb2 19. Rxb2 d5 20. Rc2 Rfe8 21. Nd4 c5 22. Nf3 d4 23. Rcc1 Ne5 24. Nxe5 Rxe5 25. Rfe1 Rbe8 26. Kf1 Bb7 27. Rxe5 Rxe5 28. Rc2 Be4 29. Bxe4 Rxe4 30. Rd2 Kf7 31. Rd3 g6 32. Rf3+ Ke7 33. a3 a5 34. Rh3 h5 35. Rg3 Re6 36. Rg5 Kd6 37. Rd5+ Kc6 38. Rg5 a4 39. Rg3 Kb6 40. Rd3 Ka5 41. Rg3 axb3 42. Rxb3 Ka4 43. Rd3 Rb6 0-1

[Event "Spring Open 2024"]
[Site "?"]
[Date "2024.02.17"]
[Round "3"]
[White "Wilkins, Zack"]
[Black "Dixon, Chris"]
[Result "0-1"]
[WhiteElo "1367"]
[BlackElo "1677"]
[PlyCount "82"]
[SourceVersionDate "2024.04.20"]

1. e4 e5 2. Nf3 Nf6 3. d4 Nxe4 4. dxe5 d5 5. exd6 Nxd6 6. Bd3 Be7 7. O-O O-O 8. h3 Nc6 9. c3 Bf6 10. Qc2 g6 11. a4 Re8 12. Na3 Be6 13. Nb5 Bd5 14. Nfd4 Ne5 15. Nxd6 Qxd6 16. Bf4 Qd7 17. Bxe5 Bxe5 18. f4 Bxd4+ 19. cxd4 f5 20. Bc4 c6 21. Rfe1 Kg7 22. Re5 Be4 23. Qc3 Rad8 24. d5 Kh6 25. Rd1 Rxe5 26. Qxe5 cxd5 27. g4 fxg4 28. Qg5+ Kg7 29. Bb5 Qd6 30. hxg4 Rf8 31. Qe5+ Qxe5 32. fxe5 Rf7 33. e6 Re7 34. Bd7 Bf3 35. Rd4 g5 36. Kf2 Be4 37. Ke3 Kf6 38. b4 Ke5 39. Rd1 Bg6 40. Rh1 d4+ 41. Kf2 Ke4 0-1

[Event "Spring Open 2024"]
[Site "?"]
[Date "2024.02.17"]
[Round "3"]
[White "Powell-Jones, Liam"]
[Black "Di-Vetta, David"]
[Result "0-1"]
[WhiteElo "1338"]
[BlackElo "1643"]
[PlyCount "52"]
[SourceVersionDate "2024.04.20"]

1. e4 c6 2. Nf3 d5 3. exd5 cxd5 4. d4 Nc6 5. Bd3 Nf6 6. O-O Bg4 7. c3 e6 8. Re1 Be7 9. Nbd2 Qc7 10. h3 Bh5 11. Nf1 Nd7 12. Ng3 Bg6 13. Be3 Bd6 14. Ne2 Bh5 15. g4 Bg6 16. Qd2 O-O-O 17. Bf4 Bxf4 18. Nxf4 Bxd3 19. Nxd3 h6 20. Nfe5 Ndxe5 21. Nxe5 Nxe5 22. Rxe5 Kb8 23. a4 Rd6 24. a5 Qc4 25. Qf4 Qc7 26. Re3 Ra6 0-1

[Event "Spring Open 2024"]
[Site "?"]
[Date "2024.02.17"]
[Round "3"]
[White "Quinn, Peter"]
[Black "Williams, John"]
[Result "1/2-1/2"]
[WhiteElo "1632"]
[BlackElo "1348"]
[PlyCount "59"]
[SourceVersionDate "2024.04.20"]

1. e4 d6 2. d4 Nf6 3. Nc3 c6 4. f4 Qa5 5. Bd2 e5 6. fxe5 dxe5 7. dxe5 Ng4 8. Be2 Nxe5 9. Nf3 Nxf3+ 10. Bxf3 Bc5 11. Qe2 O-O 12. Nd5 Qd8 13. Ne3 Be6 14. O-O Nd7 15. Kh1 Ne5 16. Bc3 Qg5 17. Rfe1 Rad8 18. b3 Bxe3 19. Qxe3 Qxe3 20. Rxe3 Nxf3 21. gxf3 f6 22. Kg2 Rd7 23. Rd3 Rfd8 24. Rad1 Rxd3 25. cxd3 Kf7 26. Kf2 g5 27. Ke3 f5 28. Rg1 h6 29. h4 Kg6 30. hxg5 1/2-1/2

[Event "Spring Open 2024"]
[Site "?"]
[Date "2024.02.17"]
[Round "3"]
[White "Anandkumar, Govind"]
[Black "Morgans, Justin"]
[Result "0-1"]
[WhiteElo "1209"]
[BlackElo "1626"]
[PlyCount "132"]
[SourceVersionDate "2024.04.20"]

1. e4 c5 2. c3 Nf6 3. e5 Nd5 4. Nf3 e6 5. d4 Be7 6. Bc4 Nb6 7. Bb3 c4 8. Bc2 d5 9. exd6 Bxd6 10. Qe2 Qc7 11. O-O N8d7 12. Re1 h6 13. Nbd2 Nf6 14. h3 Bd7 15. Ne4 Nxe4 16. Qxe4 Bc6 17. Qe2 O-O-O 18. Ne5 Bd5 19. Nxf7 Qxf7 20. b3 Rhf8 21. f3 Qf6 22. Be4 Rde8 23. Bd2 Re7 24. Rab1 g5 25. Qf2 h5 26. Bxd5 exd5 27. Rxe7 Qxe7 28. Re1 Qc7 29. Qe2 Bh2+ 30. Kh1 Bf4 31. Bxf4 Qxf4 32. bxc4 dxc4 33. Qe6+ Kb8 34. d5 Qf6 35. Kh2 Qxe6 36. dxe6 Kc7 37. Re5 g4 38. Kg3 gxf3 39. gxf3 Kd6 40. Re3 Re8 41. Kh4 Rxe6 42. Rxe6+ Kxe6 43. Kxh5 Kf6 44. f4 Nd5 45. Kg4 Nxc3 46. h4 Nd5 47. h5 c3 48. f5 Ne3+ 49. Kf4 Nxf5 50. h6 Nxh6 51. Ke3 b5 52. Kd3 b4 53. a3 a5 54. Kc2 Ke5 55. a4 Kd4 56. Kc1 Kc4 57. Kc2 Nf5 58. Kb1 Kb3 59. Kc1 Kxa4 60. Kb1 Kb3 61. Ka1 Kc2 62. Ka2 Kd1 63. Ka1 c2 64. Ka2 c1=Q 65. Kb3 Nd4+ 66. Ka2 b3# 0-1

[Event "Spring Open 2024"]
[Site "?"]
[Date "2024.02.17"]
[Round "3"]
[White "Shreyas, Gorpade"]
[Black "Kong, Emma Zihan"]
[Result "1-0"]
[WhiteElo "1599"]
[BlackElo "1314"]
[PlyCount "135"]
[SourceVersionDate "2024.04.20"]

1. d4 d5 2. c4 c6 3. e3 Nf6 4. Nc3 e6 5. a3 Nbd7 6. Nf3 Bd6 7. Be2 O-O 8. O-O dxc4 9. Bxc4 b5 10. Bb3 a5 11. Qc2 Ba6 12. Re1 c5 13. Ne4 Nxe4 14. Qxe4 Nf6 15. Qh4 Bb7 16. dxc5 Bxf3 17. cxd6 Bh5 18. Bd2 Bg6 19. Rad1 a4 20. Ba2 Ne4 21. Qxd8 Rfxd8 22. Bb4 Nf6 23. f3 Rac8 24. e4 Rc2 25. Bc3 Nd7 26. Bb1 Rxc3 27. bxc3 Rc8 28. Re3 e5 29. Rd5 Rb8 30. Bd3 f6 31. Rxb5 Rc8 32. Bc2 Be8 33. Bb1 Nc5 34. Ba2+ Kf8 35. Rb6 Nd7 36. Rb7 Rc6 37. Bd5 Rxd6 38. c4 Nc5 39. Ra7 Rb6 40. Ra8 Ke7 41. Rc3 Rb3 42. Rxb3 axb3 43. Rb8 Ba4 44. Kf1 Kd7 45. Ke2 Kc7 46. Rb4 Nd7 47. Rb7+ Kc8 48. Kd2 Nc5 49. Rb4 Kc7 50. Kc3 h6 51. h4 g6 52. Bf7 g5 53. hxg5 hxg5 54. Bg6 Kd7 55. Bf5+ Kc7 56. g3 Kc6 57. Bh3 Kc7 58. Bf1 Kc6 59. Kb2 Kc7 60. Be2 Kc6 61. Rb8 Kd6 62. Rd8+ Ke7 63. Rd5 Nb7 64. c5 Ke6 65. Bc4 Na5 66. Rd6+ Ke7 67. Re6+ Kf7 68. Bd5 1-0

[Event "Spring Open 2024"]
[Site "?"]
[Date "2024.02.17"]
[Round "3"]
[White "Richards, Gareth"]
[Black "Jakubiak, Krzysztof"]
[Result "1/2-1/2"]
[WhiteElo "1146"]
[BlackElo "1568"]
[PlyCount "132"]
[SourceVersionDate "2024.04.20"]

1. e4 e5 2. Bc4 Nf6 3. Nc3 Bb4 4. a3 Bxc3 5. dxc3 d6 6. Bg5 h6 7. Bxf6 Qxf6 8. Qf3 Be6 9. Qxf6 gxf6 10. Bd5 c6 11. Bxe6 fxe6 12. c4 Nd7 13. O-O-O Ke7 14. Ne2 Rad8 15. Rhe1 Rhg8 16. g3 h5 17. f4 Nc5 18. Nc3 exf4 19. gxf4 e5 20. fxe5 dxe5 21. b4 Rxd1+ 22. Rxd1 Ne6 23. Ne2 Rg2 24. Ng3 Nd4 25. Rd2 Rxd2 26. Kxd2 h4 27. Nf5+ Nxf5 28. exf5 Kd6 29. Kd3 b6 30. a4 a5 31. c3 c5 32. b5 h3 33. Ke4 Ke7 34. Kf3 Kd6 35. Kg4 e4 36. Kxh3 e3 37. Kg2 Ke5 38. Kf3 Kxf5 39. Kxe3 Kg4 40. h3+ Kxh3 41. Kf3 Kh2 42. Kf4 Kg2 43. Kf5 Kf3 44. Kxf6 Ke3 45. Ke5 Kd3 46. Kd5 Kxc3 47. Kc6 Kxc4 48. Kxb6 Kd4 49. Kxa5 c4 50. b6 c3 51. b7 c2 52. b8=Q c1=Q 53. Ka6 Qc6+ 54. Qb6+ Kd5 55. a5 Kd6 56. Ka7 Kd7 57. Qb7+ Qc7 58. a6 Kd8 59. Ka8 Kd7 60. Qd5+ Kc8 61. a7 Qb6 62. Qg8+ Kd7 63. Qf7+ Kd8 64. Qb7 Qc7 65. Qd5+ Ke7 66. Qf7+ Kxf7 1/2-1/2

[Event "Spring Open 2024"]
[Site "?"]
[Date "2024.02.17"]
[Round "3"]
[White "Prabhu, Suraj"]
[Black "Belochkin, David"]
[Result "0-1"]
[WhiteElo "1526"]
[BlackElo "1217"]
[PlyCount "104"]
[SourceVersionDate "2024.04.20"]

1. d4 d5 2. Nf3 Bf5 3. c4 c6 4. Nc3 Nf6 5. e3 e6 6. cxd5 exd5 7. Bd3 Bg6 8. Ne5 Bd6 9. Nxg6 hxg6 10. g3 Nbd7 11. O-O Qc7 12. e4 dxe4 13. Nxe4 Nxe4 14. Bxe4 O-O-O 15. f4 g5 16. Be3 Rde8 17. Qd3 Nf6 18. Bf3 gxf4 19. Bxf4 Bxf4 20. Qf5+ Kd8 21. gxf4 Qd7 22. Qxd7+ Kxd7 23. Rfe1 Rh4 24. Rxe8 Kxe8 25. Re1+ Kd7 26. Rf1 Kd6 27. Bg2 Nh5 28. Rd1 Nxf4 29. Bf3 Nh3+ 30. Kg2 Ng5 31. Be2 Ne6 32. Bc4 b5 33. Bb3 f6 34. d5 Nc5 35. dxc6+ Kxc6 36. Kg3 Rh5 37. Bf7 Re5 38. b3 Ne4+ 39. Kf4 g5+ 40. Kf3 Nd6 41. Bg6 Rd5 42. Rxd5 Kxd5 43. Bd3 b4 44. Kg4 Ke5 45. h3 Kd4 46. Bf5 Kc3 47. Be6 Kb2 48. Kh5 Kxa2 49. Kg6 Ne4 50. Bd5 Nf2 51. Kxf6 Nxh3 52. Be6 Nf4 0-1

[Event "Spring Open 2024"]
[Site "?"]
[Date "2024.02.17"]
[Round "3"]
[White "McGrath, Ethan"]
[Black "Hurn, Robert"]
[Result "1/2-1/2"]
[WhiteElo "883"]
[BlackElo "1513"]
[PlyCount "57"]
[SourceVersionDate "2024.04.20"]

1. c4 Nf6 2. Nc3 e5 3. g3 Bb4 4. Bg2 O-O 5. Nf3 Nc6 6. O-O e4 7. Ng5 Bxc3 8. bxc3 Re8 9. Qc2 Qe7 10. d3 exd3 11. exd3 d6 12. d4 h6 13. Nh3 Rb8 14. Rb1 Bd7 15. Ba3 Qe2 16. Qxe2 Rxe2 17. Ra1 Rbe8 18. Nf4 Rc2 19. Bxc6 Bxc6 20. d5 Bd7 21. Bb4 b6 22. Rfc1 Rxc1+ 23. Rxc1 Re4 24. f3 Re8 25. Kf2 a5 26. Ba3 Bf5 27. Rd1 g5 28. Ne2 Bc2 29. Rd2 1/2-1/2

[Event "Spring Open 2024"]
[Site "?"]
[Date "2024.02.17"]
[Round "3"]
[White "Richards, Benjamin"]
[Black "Ramzon, Timur"]
[Result "0-1"]
[WhiteElo "1173"]
[BlackElo "1166"]
[PlyCount "54"]
[SourceVersionDate "2024.04.20"]

1. e4 c6 2. d4 d5 3. e5 Bf5 4. Nf3 e6 5. Be2 Bb4+ 6. c3 Ba5 7. O-O Ne7 8. Be3 Nd7 9. Bd3 Bxd3 10. Qxd3 Nf5 11. Bf4 O-O 12. Nbd2 c5 13. Rac1 Rc8 14. Nb3 c4 15. Qc2 cxb3 16. Qxb3 Bb6 17. h3 h6 18. g4 Nh4 19. Nd2 Re8 20. c4 Bxd4 21. Qg3 g5 22. Be3 Bxe5 23. f4 Bd6 24. Nf3 Ng6 25. Qf2 Bxf4 26. Bxf4 Nxf4 27. Nh4 Nxh3+ 0-1

[Event "Spring Open 2024"]
[Site "?"]
[Date "2024.02.17"]
[Round "3"]
[White "Hill, Glyn"]
[Black "Larg, Richard"]
[Result "0-1"]
[WhiteElo "1057"]
[BlackElo "1557"]
[PlyCount "118"]
[SourceVersionDate "2024.04.20"]

1. Nf3 Nf6 2. Nc3 e6 3. a3 d5 4. e4 dxe4 5. Ng5 e3 6. dxe3 Qxd1+ 7. Nxd1 Be7 8. Bd3 b6 9. O-O Ba6 10. Bxa6 Nxa6 11. b4 c5 12. c3 h6 13. Nf3 Nd7 14. Nb2 Bf6 15. Bd2 O-O 16. b5 Nc7 17. a4 Rfd8 18. Nc4 Nd5 19. Rac1 a6 20. e4 axb5 21. axb5 Nc7 22. Rb1 Ra4 23. Nd6 Ne5 24. Nb7 Nxf3+ 25. gxf3 Rxd2 26. Rfc1 Be7 27. c4 Ra7 28. h4 Rxb7 29. h5 Bh4 30. Rf1 Ra7 31. Rbd1 Raa2 32. Rxd2 Rxd2 33. Kg2 Bf6 34. f4 Bd4 35. e5 Ra2 36. Kf3 Ra1 37. Kg2 Rxf1 38. Kxf1 f6 39. exf6 Bxf6 40. f3 Ne8 41. Ke2 Nd6 42. Kd3 Bd4 43. f5 e5 44. f4 e4+ 45. Ke2 Nxf5 46. Kd2 Ng3 47. f5 Kf7 48. f6 Kxf6 49. Kd1 Nxh5 50. Ke2 Nf4+ 51. Kf1 Nd3 52. Ke2 Nb2 53. Ke1 Nxc4 54. Ke2 Na3 55. Kd2 Nxb5 56. Ke2 h5 57. Kf1 h4 58. Kg2 g5 59. Kh3 c4 0-1

[Event "Spring Open 2024"]
[Site "?"]
[Date "2024.02.17"]
[Round "3"]
[White "Thompson, Chris"]
[Black "Mckenna, Joshua"]
[Result "0-1"]
[WhiteElo "1009"]
[BlackElo "1534"]
[PlyCount "62"]
[SourceVersionDate "2024.04.20"]

1. d4 d5 2. Bf4 Nf6 3. e3 e6 4. Nf3 Bd6 5. Bg3 O-O 6. Ne5 c5 7. c3 Qc7 8. f4 Nc6 9. Nd2 Ne7 10. Bd3 Nf5 11. Bf2 Be7 12. g4 Nd6 13. Qf3 Nde4 14. Bxe4 Nxe4 15. Nxe4 dxe4 16. Qxe4 cxd4 17. exd4 f6 18. Bh4 fxe5 19. Bxe7 Qxe7 20. h4 exf4 21. O-O-O f3 22. Rdf1 Qf7 23. Rf2 Qf4+ 24. Qxf4 Rxf4 25. Rhf1 Bd7 26. Re1 Raf8 27. d5 exd5 28. Re7 Bc6 29. Kd2 Rxg4 30. Ke3 Re4+ 31. Rxe4 dxe4 0-1

[Event "Spring Open 2024"]
[Site "?"]
[Date "2024.02.17"]
[Round "3"]
[White "Rhydderch, Sam"]
[Black "Archibald, Mckenzie"]
[Result "1-0"]
[WhiteElo "894"]
[BlackElo "1487"]
[PlyCount "79"]
[SourceVersionDate "2024.04.20"]

1. e4 c6 2. d4 d5 3. Nc3 dxe4 4. Nxe4 Nd7 5. Nf3 Ngf6 6. Nxf6+ Nxf6 7. c3 Bg4 8. h3 Bh5 9. Bd3 e6 10. Bf4 Bd6 11. Bxd6 Qxd6 12. O-O O-O-O 13. a4 Qd5 14. Be2 Nd7 15. c4 Qd6 16. Ne5 Nxe5 17. Bxh5 Qxd4 18. Qxd4 Rxd4 19. Rfe1 Ng6 20. Rac1 Rhd8 21. Red1 Kc7 22. b3 Rd2 23. Rxd2 Rxd2 24. Bxg6 hxg6 25. Rc3 Kd7 26. c5 g5 27. g4 f6 28. a5 a6 29. Rc4 e5 30. Kg2 Ra2 31. b4 Ke6 32. Kg3 Ra4 33. h4 gxh4+ 34. Kxh4 Kd5 35. Rc2 Rxb4 36. Rd2+ Kxc5 37. Rd7 Kb5 38. Rxg7 Kxa5 39. Rf7 Rf4 40. Kg3 1-0

[Event "Spring Open 2024"]
[Site "?"]
[Date "2024.02.17"]
[Round "3"]
[White "Gedara, Thinuli"]
[Black "Teisar, Vince"]
[Result "0-1"]
[WhiteElo "850"]
[BlackElo "1200"]
[PlyCount "110"]
[SourceVersionDate "2024.04.22"]

1. e4 c6 2. Nf3 d5 3. exd5 cxd5 4. d4 Nc6 5. Nc3 Bg4 6. Bg5 Qb6 7. Nxd5 Qa5+ 8. Qd2 Qxd5 9. Qf4 Bxf3 10. gxf3 Qxd4 11. Rd1 Qxf4 12. Bxf4 Nf6 13. Bb5 Rc8 14. O-O a6 15. Ba4 b5 16. Bb3 e6 17. c4 Be7 18. cxb5 axb5 19. a4 bxa4 20. Bxa4 O-O 21. Rc1 Nd4 22. Rxc8 Rxc8 23. Kh1 Nf5 24. Bd2 Rd8 25. Ba5 Ra8 26. b4 Bxb4 27. Bxb4 Rxa4 28. Rc1 Ra8 29. Ba5 h6 30. Bd2 Nh4 31. Rc3 Ra1+ 32. Bc1 Nd5 33. Rc4 Nxf3 34. Kg2 Ng5 35. Bb2 Ra2 36. Bd4 e5 37. Bc5 Rd2 38. Kg3 Rd3+ 39. Kg4 Nf6+ 40. Kf5 Rf3+ 41. Kxe5 Nd7+ 42. Kd6 Nxc5 43. Rxc5 Rxf2 44. h4 Ne4+ 45. Kd5 Nxc5 46. Kxc5 Re2 47. Kd6 f5 48. h5 f4 49. Kd5 f3 50. Kd4 f2 51. Kd3 f1=Q 52. Kd4 Qd1+ 53. Kc3 Rc2+ 54. Kb3 Qb1+ 55. Ka3 Ra2# 0-1

[Event "Spring Open 2024"]
[Site "?"]
[Date "2024.02.18"]
[Round "4"]
[White "Camacho Collados, Jose"]
[Black "Fathallah, Joe"]
[Result "1-0"]
[WhiteElo "2371"]
[BlackElo "2007"]
[PlyCount "87"]
[SourceVersionDate "2024.04.22"]

1. Nf3 d5 2. g3 c5 3. Bg2 Nc6 4. d4 Nf6 5. O-O e6 6. c4 dxc4 7. dxc5 Qxd1 8. Rxd1 Bxc5 9. Nbd2 O-O 10. Nxc4 Re8 11. Nfe5 Nxe5 12. Nxe5 Nd5 13. Bd2 f6 14. Nd3 Bd6 15. e4 Ne7 16. e5 Nd5 17. Rac1 fxe5 18. Nxe5 Rf8 19. Be1 Rf5 20. Nc4 Bc5 21. Be4 Rf8 22. Ne5 Bd6 23. Rxd5 exd5 24. Bxd5+ Kh8 25. Nf7+ Rxf7 26. Bxf7 Bh3 27. Bd5 Rc8 28. Rd1 h5 29. Bxb7 Rc7 30. Be4 Re7 31. f3 Bc5+ 32. Bf2 Rd7 33. Rxd7 Bxf2+ 34. Kxf2 Bxd7 35. h4 Be6 36. a3 Bf7 37. Ke3 Kg8 38. Kf4 g6 39. Ke5 Kg7 40. b4 Bc4 41. a4 Bb3 42. a5 Bc4 43. Bc6 Be2 44. b5 1-0

[Event "Spring Open 2024"]
[Site "?"]
[Date "2024.02.18"]
[Round "4"]
[White "Jukes, Sam"]
[Black "Bullen, Alex"]
[Result "0-1"]
[WhiteElo "1891"]
[BlackElo "2147"]
[PlyCount "100"]
[SourceVersionDate "2024.04.22"]

1. e4 c6 2. d4 d5 3. Nc3 dxe4 4. Nxe4 Nd7 5. Nf3 Ngf6 6. Ng3 e6 7. Bd3 Bd6 8. Ne2 Qc7 9. c4 c5 10. h3 a6 11. O-O cxd4 12. Nexd4 O-O 13. Re1 Re8 14. Bf1 b6 15. a3 Bb7 16. b4 Rad8 17. Qb3 Nh5 18. Bg5 Rc8 19. a4 Nf4 20. a5 bxa5 21. c5 Bf8 22. c6 Bxc6 23. Nxc6 Nxh3+ 24. gxh3 Qxc6 25. bxa5 Rb8 26. Qa4 Qxf3 27. Qxd7 Bc5 28. Be3 Red8 29. Rab1 Rxd7 30. Rxb8+ Bf8 31. Bc5 h6 32. Bxf8 Kh7 33. Bg2 Qf4 34. Rb4 Qd2 35. Reb1 Qa2 36. Be4+ f5 37. Bc6 Rc7 38. Ba4 Qd2 39. R1b2 Qd8 40. Rb8 Qg5+ 41. Kf1 Qc1+ 42. Kg2 Qg5+ 43. Kf1 Rc1+ 44. Ke2 Qf4 45. Bxg7 Qe4+ 46. Kd2 Qf4+ 47. Ke2 Kxg7 48. R2b7+ Kf6 49. Rf8+ Ke5 50. Rb3 Rc2+ 0-1

[Event "Spring Open 2024"]
[Site "?"]
[Date "2024.02.18"]
[Round "4"]
[White "Cave, Iwan"]
[Black "Brown, Tom"]
[Result "0-1"]
[WhiteElo "1970"]
[BlackElo "2128"]
[PlyCount "106"]
[SourceVersionDate "2024.04.23"]

1. d4 Nf6 2. c4 g6 3. Nc3 Bg7 4. e4 d6 5. Nf3 O-O 6. Be2 e5 7. O-O Bg4 8. d5 a5 9. Be3 Na6 10. a3 b6 11. Nd2 Bxe2 12. Qxe2 Nh5 13. g3 Qe8 14. Nb5 f5 15. f3 f4 16. Bf2 fxg3 17. hxg3 Bh6 18. Kg2 Qe7 19. Be3 Bxe3 20. Qxe3 a4 21. b4 axb3 22. Nxb3 Nc5 23. Nxc5 bxc5 24. a4 Ra5 25. Ra3 Nf6 26. Rfa1 Rc8 27. Qb3 Qd8 28. Rb1 Nd7 29. Nc3 Nb6 30. Qa2 Rca8 31. Rb5 Qg5 32. Rxa5 Rxa5 33. Nb5 Qc1 34. Nxc7 Nxc4 35. Qb3 Qd2+ 36. Kg1 Qe1+ 37. Kg2 Qb4 38. Qxb4 cxb4 39. Rb3 Rxa4 40. Nb5 Kf7 41. Rb1 Ke7 42. g4 Na3 43. Ra1 Ra5 44. Nxa3 bxa3 45. Ra2 Kf6 46. Kf2 Kg5 47. Kg3 Ra4 48. Ra1 a2 49. Kh3 Kf4 50. Kh4 h6 51. Kh3 Kxf3 52. g5 hxg5 53. Rxa2 g4+ 0-1

[Event "Spring Open 2024"]
[Site "?"]
[Date "2024.02.18"]
[Round "4"]
[White "Richmond, Jame"]
[Black "Turner, Joseph David"]
[Result "1-0"]
[WhiteElo "2064"]
[BlackElo "1847"]
[PlyCount "91"]
[SourceVersionDate "2024.04.23"]

1. e4 e5 2. Nf3 d5 3. d4 Nf6 4. Nxe5 Nxe4 5. Bd3 Be6 6. O-O Nd7 7. Nxd7 Qxd7 8. c4 f5 9. Re1 dxc4 10. Bxe4 fxe4 11. Nc3 O-O-O 12. Bg5 Re8 13. d5 Bf5 14. Qd4 b6 15. Qxc4 Kb7 16. Rac1 h6 17. Bf4 Rc8 18. Nb5 Bd6 19. Qc6+ Qxc6 20. dxc6+ Ka6 21. Nxd6 cxd6 22. Bxd6 Rhd8 23. Red1 Be6 24. b3 b5 25. Kf1 Kb6 26. Bc5+ Kc7 27. Rxd8 Rxd8 28. Bxa7 Ra8 29. Bd4 g6 30. Be5+ Kc8 31. Rc2 Ra6 32. Ke2 Bd5 33. c7 Rc6 34. Rd2 Be6 35. Rd8+ Kb7 36. Rb8+ Ka6 37. Ke3 Bf5 38. b4 Rc1 39. Bd6 Re1+ 40. Kd4 Re2 41. c8=Q+ Bxc8 42. Rxc8 Rxf2 43. Kxe4 Rxg2 44. Kd5 Kb7 45. Rb8+ Ka7 46. Rxb5 1-0

[Event "Spring Open 2024"]
[Site "?"]
[Date "2024.02.18"]
[Round "4"]
[White "Westcott, Dale"]
[Black "Tapp, James"]
[Result "1/2-1/2"]
[WhiteElo "1613"]
[BlackElo "1991"]
[PlyCount "91"]
[SourceVersionDate "2024.04.23"]

1. Nf3 Nf6 2. g3 d5 3. Bg2 Bf5 4. O-O e6 5. c4 c6 6. Qb3 Qb6 7. d3 Nbd7 8. cxd5 exd5 9. Qc2 Be7 10. Nc3 h6 11. e4 dxe4 12. dxe4 Bh7 13. Be3 Qa5 14. Nd4 O-O 15. Rfe1 Nd5 16. Nxd5 cxd5 17. Qb3 Bb4 18. Red1 Nf6 19. exd5 Rad8 20. a3 Bc5 21. Qxb7 Rb8 22. Nc6 Rxb7 23. Nxa5 Rb5 24. Bxc5 Rxc5 25. b4 Rc2 26. d6 Bf5 27. Rac1 Ra2 28. Rc7 Re8 29. Nc6 Bg4 30. Rf1 a6 31. h3 Bd7 32. Ne7+ Kf8 33. Bc6 Bxc6 34. Rxc6 Rxa3 35. Rd1 Rd8 36. Nd5 Ne8 37. Nc7 a5 38. bxa5 Rxa5 39. Nxe8 Kxe8 40. Rc7 Re5 41. Rd4 Re6 42. Rf4 Rf6 43. Re4+ Kf8 44. d7 Rd6 45. Rc8 R6xd7 46. Rxd8+ 1/2-1/2

[Event "Spring Open 2024"]
[Site "?"]
[Date "2024.02.18"]
[Round "4"]
[White "Moulson, Paul"]
[Black "Rathbone-Jones, Ifan"]
[Result "0-1"]
[WhiteElo "1445"]
[BlackElo "1941"]
[PlyCount "68"]
[SourceVersionDate "2024.04.23"]

1. e4 d5 2. Nf3 Bg4 3. exd5 Nf6 4. Bb5+ c6 5. dxc6 Nxc6 6. O-O e6 7. Bxc6+ bxc6 8. d3 Bd6 9. Bg5 Qb8 10. h3 Bh5 11. Nbd2 Nd5 12. Ne4 Bc7 13. c4 h6 14. Be3 Nxe3 15. fxe3 Bg6 16. Qa4 Bxe4 17. dxe4 O-O 18. Rab1 Qb6 19. c5 Qxc5 20. Nd4 Qe5 21. Nf3 Qb5 22. Qxb5 cxb5 23. Rfd1 Bb6 24. Kf2 f5 25. exf5 exf5 26. g3 f4 27. gxf4 Rxf4 28. Ke2 Re8 29. Rd3 Rfe4 30. Nd2 Rxe3+ 31. Rxe3 Rxe3+ 32. Kf2 Rd3+ 33. Ke2 Rxh3 34. Nf3 Rg3 0-1

[Event "Spring Open 2024"]
[Site "?"]
[Date "2024.02.18"]
[Round "4"]
[White "Havard, Gwyn"]
[Black "Shreyas, Gorpade"]
[Result "1/2-1/2"]
[WhiteElo "1841"]
[BlackElo "1599"]
[PlyCount "53"]
[SourceVersionDate "2024.04.23"]

1. e4 c6 2. d4 d5 3. exd5 cxd5 4. Bd3 Nf6 5. Ne2 Bg4 6. f3 Bh5 7. Bf4 e6 8. Nbc3 a6 9. O-O Nc6 10. Qd2 Nb4 11. Rfe1 Be7 12. a3 Nxd3 13. Qxd3 O-O 14. Bg3 Bg6 15. Qd2 Nh5 16. Bf2 Bd6 17. Rac1 Qc7 18. g3 b5 19. Kg2 Rac8 20. Nd1 Qb8 21. c3 Rc6 22. Ne3 Re8 23. g4 Nf4+ 24. Nxf4 Bxf4 25. Bg3 f5 26. Bxf4 Qxf4 27. Nc4 1/2-1/2

[Event "Spring Open 2024"]
[Site "?"]
[Date "2024.02.18"]
[Round "4"]
[White "Szakmany, Bence"]
[Black "Forsey, Tomas"]
[Result "1-0"]
[WhiteElo "1718"]
[BlackElo "1502"]
[PlyCount "81"]
[SourceVersionDate "2024.04.24"]

1. e4 c5 2. Nf3 Nc6 3. d4 cxd4 4. Nxd4 e5 5. Nb5 a6 6. Nd6+ Bxd6 7. Qxd6 Qe7 8. Qxe7+ Ngxe7 9. Bc4 d5 10. exd5 Nb4 11. Bb3 Bf5 12. Na3 Rc8 13. d6 Ng6 14. O-O O-O 15. Bd2 Nc6 16. Rad1 Rfd8 17. Be3 Nf8 18. Bb6 Rd7 19. Rd2 Ne6 20. c3 Nc7 21. Rfd1 Na8 22. Be3 Na5 23. Bc2 Bxc2 24. Rxc2 Rc6 25. Rcd2 Nb6 26. Bxb6 Rxb6 27. Rd5 Nc6 28. Nc4 Rb5 29. Rxb5 axb5 30. Nb6 Rd8 31. a4 b4 32. c4 Nd4 33. c5 Nb3 34. Rd5 f6 35. Kf1 Kf7 36. Ke2 Ke6 37. d7 Nd4+ 38. Kd3 Nc6 39. Rd6+ Ke7 40. Ke4 g6 41. Nd5+ 1-0

[Event "Spring Open 2024"]
[Site "?"]
[Date "2024.02.18"]
[Round "4"]
[White "Dixon, Chris"]
[Black "Enoch, Stuart"]
[Result "1-0"]
[WhiteElo "1677"]
[BlackElo "1294"]
[PlyCount "55"]
[SourceVersionDate "2024.04.24"]

1. Nf3 Nf6 2. d4 d5 3. e3 g6 4. b4 Bg7 5. Nbd2 O-O 6. Bd3 a5 7. b5 c6 8. a4 cxb5 9. axb5 b6 10. O-O Nbd7 11. Ba3 Re8 12. c4 dxc4 13. Bxc4 Bb7 14. Qb3 e6 15. Rac1 Rc8 16. Rfd1 Bd5 17. Bxd5 Rxc1 18. Rxc1 Nxd5 19. Ne4 Qa8 20. Nd6 Rd8 21. Ng5 Rf8 22. Ngxf7 h5 23. Ng5 e5 24. Ne6 Kh7 25. Nxf8+ Bxf8 26. Rc8 Qa7 27. Qxd5 exd4 28. Qf7+ 1-0

[Event "Spring Open 2024"]
[Site "?"]
[Date "2024.02.18"]
[Round "4"]
[White "Di-Vetta, Andrew"]
[Black "Winter, Angus"]
[Result "1-0"]
[WhiteElo "1643"]
[BlackElo "1420"]
[PlyCount "103"]
[SourceVersionDate "2024.04.24"]

1. e4 c5 2. Nf3 e6 3. d3 Nf6 4. g3 d5 5. e5 Nfd7 6. Bg2 Be7 7. O-O Nc6 8. Re1 O-O 9. h4 f6 10. exf6 Nxf6 11. Qe2 Bd6 12. b3 Bd7 13. Bb2 Qc7 14. Nbd2 Rae8 15. Nf1 e5 16. Qd2 h6 17. N3h2 e4 18. Bxf6 Rxf6 19. dxe4 dxe4 20. Rxe4 Ref8 21. Rae1 Rxf2 22. Qxf2 Rxf2 23. Kxf2 Nd4 24. c3 Nf5 25. Rg4 h5 26. Bd5+ Kf8 27. Rg5 c4 28. b4 Qb6+ 29. Kg2 Ne7 30. Bf3 g6 31. Rd1 Kg7 32. Bxh5 Kh6 33. Ng4+ Kg7 34. Nge3 Kh6 35. Bf3 Nf5 36. Nxc4 Nxh4+ 37. gxh4 Qa6 38. Rxd6 Qxa2+ 39. Rd2 Qxc4 40. Rxd7 Qxh4 41. Rg4 Qe1 42. Rxb7 Qxc3 43. Rxa7 Qc2+ 44. Kg3 g5 45. Ra6+ Kg7 46. Rxg5+ Kf8 47. Rc5 Qd3 48. Ra7 Qd6+ 49. Kg2 Qg6+ 50. Kf2 Qe8 51. Rf5+ Kg8 52. Bd5+ 1-0

[Event "Spring Open 2024"]
[Site "?"]
[Date "2024.02.18"]
[Round "4"]
[White "Morgans, Justin"]
[Black "Enoch, Kristan"]
[Result "1/2-1/2"]
[WhiteElo "1626"]
[BlackElo "1220"]
[PlyCount "56"]
[SourceVersionDate "2024.04.24"]

1. c4 c5 2. Nc3 Nc6 3. g3 b6 4. Bg2 Bb7 5. Nf3 Nf6 6. O-O e6 7. e4 Be7 8. d3 O-O 9. Bf4 d5 10. cxd5 exd5 11. Re1 dxe4 12. dxe4 Re8 13. Bg5 h6 14. Bf4 Nb4 15. e5 Nfd5 16. Nxd5 Qxd5 17. Nh4 Qxd1 18. Rexd1 Bxg2 19. Nxg2 Bf8 20. h4 Nc6 21. Rd5 g6 22. Ne3 Bg7 23. Ng4 h5 24. Nf6+ Bxf6 25. exf6 Nd4 26. Kg2 Nc2 27. Rad1 Nb4 28. Rd7 Nc6 1/2-1/2

[Event "Spring Open 2024"]
[Site "?"]
[Date "2024.02.18"]
[Round "4"]
[White "Belochkin, David"]
[Black "James, Dai"]
[Result "1-0"]
[WhiteElo "1217"]
[BlackElo "1820"]
[PlyCount "122"]
[SourceVersionDate "2024.04.24"]

1. d4 Nf6 2. Nf3 g6 3. Bf4 Bg7 4. Nbd2 d6 5. e4 O-O 6. Bd3 Nc6 7. e5 Nh5 8. Bg3 Nxg3 9. hxg3 dxe5 10. Nxe5 Nxe5 11. dxe5 Bxe5 12. Nc4 Bg7 13. Qc1 e5 14. O-O Be6 15. Rd1 Qd4 16. c3 Qc5 17. Nd2 f5 18. b4 Qc6 19. c4 Rad8 20. Nb3 b6 21. b5 Qd7 22. Be2 Qe7 23. Qc2 Rxd1+ 24. Rxd1 Rd8 25. Rxd8+ Qxd8 26. c5 Qd5 27. c6 Bh6 28. Kf1 Kf8 29. Qb2 Ke7 30. Qa3+ Qd6 31. Qxa7 e4 32. Qa4 e3 33. Qh4+ Kf7 34. Qxh6 exf2 35. Qxh7+ Kf6 36. Qh4+ Kg7 37. Qd4+ Qxd4 38. Nxd4 Bxa2 39. Kxf2 Kf6 40. Ke3 Ke5 41. Nc2 g5 42. Nb4 Be6 43. Na6 Kd6 44. Kd4 Bc8 45. Bd3 Be6 46. Bc4 Bc8 47. Nb4 f4 48. gxf4 gxf4 49. Ke4 Kc5 50. Be2 Kxb4 51. Kxf4 Kc5 52. g4 Kd6 53. g5 Ke7 54. Bg4 Be6 55. Bxe6 Kxe6 56. Ke4 Ke7 57. Ke5 Kf7 58. Kf5 Kg7 59. g6 Kg8 60. Kf6 Kf8 61. g7+ Kg8 1-0